| 000 | 00627cam a22002171 4500 | ||
|---|---|---|---|
| 001 | sa 68004632 | ||
| 003 | DLC | ||
| 005 | 20260227112502.0 | ||
| 008 | 711028s1967 ii 00000beng | ||
| 010 | _asa 68004632 //r84 | ||
| 025 | _aPL480:I-E-9461 | ||
| 043 | _aa-ii--- | ||
| 050 | 0 |
_aHD4293 _b.I5 |
|
| 082 | _a354.54/092 | ||
| 110 | 1 | 0 |
_aIndia. _bAdministrative Reforms Commission. |
| 245 | 1 | 0 | _aReport on public sector undertakings, October 1967. |
| 260 | 0 |
_aDelhi, _bManager of Publications, _c1967. |
|
| 300 |
_aiii, 123 p. _c24 cm. |
||
| 350 |
_aRs2.90 _a$1.00 |
||
| 650 | 0 |
_aGovernment business enterprises _zIndia. |
|
| 999 |
_c80243 _d80243 |
||